BUSINESSS (Record no. 215562)
[ view plain ]
| 000 -LEADER | |
|---|---|
| fixed length control field | 00405nam a22001577a 4500 |
| 008 - FIXED-LENGTH DATA ELEMENTS--GENERAL INFORMATION | |
| fixed length control field | 250604b |||||||| |||| 00| 0 eng d |
| 020 ## - INTERNATIONAL STANDARD BOOK NUMBER | |
| International Standard Book Number | 0-6180 -37230-X |
| 050 ## - LIBRARY OF CONGRESS CALL NUMBER | |
| Classification number | HD 70 USP75 |
| Item number | 1 |
| 100 ## - MAIN ENTRY--PERSONAL NAME | |
| Personal name | WILLIAM PRIDE |
| 245 ## - TITLE STATEMENT | |
| Title | BUSINESSS |
| Remainder of title | PRIDE HUGHES |
| 250 ## - EDITION STATEMENT | |
| Edition statement | 8TH EDICTION |
| 260 ## - PUBLICATION, DISTRIBUTION, ETC. | |
| Place of publication, distribution, etc. | NEW YORK |
| Name of publisher, distributor, etc. | HOUGHTON MIFFLIN |
| Date of publication, distribution, etc. | 2005 |
| 700 ## - ADDED ENTRY--PERSONAL NAME | |
| Personal name | ROBERT HUGHES |
| 942 ## - ADDED ENTRY ELEMENTS (KOHA) | |
| Source of classification or shelving scheme | Library of Congress Classification |
| Koha item type | Long Loan Book |
| Withdrawn status | Lost status | Source of classification or shelving scheme | Damaged status | Not for loan | Collection | Home library | Current library | Shelving location | Date acquired | Inventory number | Total checkouts | Full call number | Barcode | Date last seen | Copy number | Price effective from | Koha item type |
|---|---|---|---|---|---|---|---|---|---|---|---|---|---|---|---|---|---|
| Library of Congress Classification | Business & Economics | Kisii University Library | Kisii University Library | On Display | 06/04/2025 | 36612 | HD 70 USP75 2005 | 000000018952 | 06/04/2025 | C.1 | 06/04/2025 | Long Loan Book |